| 000 | 00478nam a2200169 i 4500 | ||
|---|---|---|---|
| 001 | 88544 | ||
| 003 | ES-MaACL | ||
| 005 | 20240522063038.0 | ||
| 007 | t| | ||
| 008 | 050104s1955 sp ||||1| spa d | ||
| 100 | 1 |
_aLamartine, Alphonse de, _d1790-1869 _969776 |
|
| 245 | 1 | 0 |
_aGenoveva / _cAlfonso Lamartine. |
| 260 |
_aMadrid : _bRamos, _c[1955] ( _fHelénica) |
||
| 300 |
_a236 p. ; _c16 cm. |
||
| 852 |
_aES-MaACL _jC-10132 _bR.37395 |
||
| 999 |
_c88544 _d88544 |
||